| 000 | 005010000a22001690004500 | ||
|---|---|---|---|
| 003 | MACL | ||
| 005 | 20160102125449.0 | ||
| 008 | 160102b xxu||||| |||| 00| 0 eng d | ||
| 040 |
_aMACL _cMACL |
||
| 041 | _aEnglish | ||
| 082 | _a610//DAI | ||
| 100 |
_aDavidson, Sir Stanley _926991 |
||
| 245 |
_aThe principles and Practice of Medicine _bIncluding Supplement on Tropical Diseases |
||
| 260 |
_bEnglish Language Book Society _aBritain |
||
| 650 |
_aMedical Science _926992 |
||
| 942 |
_cBK _k610/DAV _2ddc |
||
| 999 |
_c37892 _d37892 |
||